Landowners face a snake in the grass (Record no. 78597)

MARC details
000 -LEADER
fixed length control field 00924cab a22002055a 4500
001 - CONTROL NUMBER
control field L137420
008 - FIXED-LENGTH DATA ELEMENTS--GENERAL INFORMATION
fixed length control field 070404e20070317xxk f 000 0 eng d
035 ## - SYSTEM CONTROL NUMBER
System control number (Sirsi) u137420
041 0# - LANGUAGE CODE
Language code of text/sound track or separate title eng
100 1# - MAIN ENTRY--PERSONAL NAME
Personal name Boswall, Julian
245 00 - TITLE STATEMENT
Title Landowners face a snake in the grass
260 ## - PUBLICATION, DISTRIBUTION, ETC.
Date of publication, distribution, etc. 2007
490 #0 - SERIES STATEMENT
Series statement Estates Gazette
Volume/sequential designation 17 March 2007, 155(1)
520 ## - SUMMARY, ETC.
Summary, etc. Discusses the effect on land values and development schemes posed by the Commons Act 2006 which contains important revisions of the rules for registering land as a town or village green. Suggests that registration as a green will make development of the land illegal, that the law will create uncertainty for landowners and developers, and that objectors will target housing and regeneration schemes.
590 ## - LOCAL NOTE (RLIN)
Local note KA
650 24 - SUBJECT ADDED ENTRY--TOPICAL TERM
Topical term or geographic name entry element COMMONS ACT 2006
651 #4 - SUBJECT ADDED ENTRY--GEOGRAPHIC NAME
Geographic name England and Wales
Chronological subdivision 1543-
690 ## - LOCAL SUBJECT ADDED ENTRY--TOPICAL TERM (OCLC, RLIN)
Topical term or geographic name as entry element PROPERTY-RURAL AND NATURAL ASSETS-LAND
942 ## - ADDED ENTRY ELEMENTS (KOHA)
Suppress in OPAC 0
Holdings
Withdrawn status Lost status Source of classification or shelving scheme Damaged status Not for loan Home library Current library Shelving location Date acquired Total Checkouts Full call number Barcode Date last seen Copy number Price effective from Koha item type
    Dewey Decimal Classification     London London Journal article 04/04/2007   L137420) 137420-1001 06/08/2019 1 06/08/2019 Journal article